| 000 | 01149cam a2200289 a 4500 | ||
|---|---|---|---|
| 001 | 8388692 | ||
| 003 | GBCCL | ||
| 005 | 20241126110347.0 | ||
| 008 | 080621s2003 ii af g 000 0deng d | ||
| 035 | _a(OCoLC)ocn689366101 | ||
| 035 | _a8388692 | ||
| 040 |
_aIiNdDKA _beng _cIiNdDKA _dCtY-D |
||
| 043 | _aa-ii--- | ||
| 082 | 0 | 4 |
_a266.00954 _222 _bTRA |
| 245 | 0 | 0 |
_aTransforming links for mission : _bone planted, another watered and god gave the growth / _ccompiled by Siga Arles, John Gollapalli. |
| 260 |
_aHyderabad : _bCOUNTMinistries, _c2003. |
||
| 300 |
_aiv, 175 p., [12] p. of plates : _bill. (chiefly col.) ; _c22 cm. |
||
| 520 | _aStories of how god brought so many together as transforming links in the mission of COUNT by various authors. | ||
| 610 | 2 | 0 |
_aChristian Outreach Uplifting New Tribes (India) _xMissions. _91311 |
| 610 | 2 | 0 |
_aChristian Outreach Uplifting New Tribes (India) _vBiography. _91312 |
| 650 | 0 |
_aMissions _zIndia. _952 |
|
| 650 | 0 |
_aChurch work with children _zIndia. _91313 |
|
| 650 | 0 |
_aContact transformations. _91314 |
|
| 700 | 1 |
_aArles, Siga, _d1950- _91315 |
|
| 700 | 1 |
_aGollapalli, John _91316 |
|
| 942 |
_2ddc _cBK |
||
| 999 |
_c853 _d853 |
||